00826 2200277 4500001002100000005001500021020002200036035002400058040001200082082001600094084001400110090001400124245018600138250001000324260002800334300004300362650001200405700001800417700001700435700002100452700001500473850001200488990001600500990001600516990001600532YOGYA00000000010016920140823125207 a978-979-062-029-2 0010-111300000000282 aYOPDYOG 2[22]a371.1 a371.1 Bel a371.1 Bel aBELJAR dan memimpin dengan kebiasaan pikiran:b16 karakteristik penting untuk sukses/cDi edit oleh Arlhus L costa dan Benakalliek;penerjemah Brian Reza Daffi penyunting Tim Indeks. aCet.1 aJakarta:bIndeks,c2012 aXXViii, 448hlm.:bilus.;c25cm.(3 eks) aBelajar aCosta, Arlhus aKallick Bena aBrian Reza Daffi aTim Indeks aYOPDYOG a3192/B.2013 a3193/B.2013 a3194/B.2013